Geography Quiz

Random Geography or Art Quiz

Martial Arts by Country Quiz Stats

 Plays Quiz not verified by Sporcle

Score 0/16 Timer 04:00
0 Plays Today
Name of Martial Art Country % Correct
Kung fuChina
93%
Muay ThaiThailand
86.9%
JujutsuJapan
86.3%
TaekwondoSouth Korea
81.6%
CapoeiraBrazil
81.3%
Krav MagaIsrael
77%
SamboRussia
65.6%
SavateFrance
52.8%
Name of Martial Art Country % Correct
Pencak SilatIndonesia
40.2%
VovinamVietnam
34.1%
ArnisPhilippines
22.4%
OkichitawCanada
19%
DambeNigeria
16.6%
TahtibEgypt
14.3%
StavNorway
11.1%
KurashUzbekistan
8.7%

You're not logged in!

Compare scores with friends on all Sporcle quizzes.
OR
Log In

You Might Also Like...

Show Comments

Extras

Top Quizzes Today


Score Distribution

Your Account Isn't Verified!

In order to create a playlist on Sporcle, you need to verify the email address you used during registration. Go to your Sporcle Settings to finish the process.

Report this User

Report this user for behavior that violates our Community Guidelines.

Details: